<?xml version="1.0" encoding="UTF-8"?>
<marc:record xmlns:marc="http://www.loc.gov/MARC21/slim">
   <marc:leader>00000nam a2200000 a 4500</marc:leader>
   <marc:datafield ind1="1" ind2=" " tag="100">
      <marc:subfield code="a">Landgraf, Gefion</marc:subfield>
      <marc:subfield code="4">cmp</marc:subfield>
      <marc:subfield code="e">Komponist/-in</marc:subfield>
   </marc:datafield>
   <marc:datafield ind1="0" ind2="0" tag="245">
      <marc:subfield code="a">Leichte Stücke für Querflöte und Klavier</marc:subfield>
   </marc:datafield>
   <marc:datafield ind1="1" ind2=" " tag="490">
      <marc:subfield code="a">Die fröhliche Querflöte / Gefion Landgraf</marc:subfield>
      <marc:subfield code="v">Spielbuch 3</marc:subfield>
   </marc:datafield>
   <marc:datafield ind1=" " ind2=" " tag="250">
      <marc:subfield code="a">Partitur, Stimme</marc:subfield>
   </marc:datafield>
   <marc:datafield ind1="1" ind2=" " tag="520">
      <marc:subfield code="a">Angaben aus der Verlagsmeldung

Die fröhliche Querflöte : Spielbuch 3. Flöte und Klavier. Spielbuch. / von Gefion Landgraf

Das Spielbuch 3 ergänzt den zweiten Band des Lehrwerks „Die fröhliche Querflöte“ um viele leichte Stücke für Flöte und Klavier. Das Repertoire reicht von Barock, Klassik und Romantik (u. a. Werke von Vanhal, Mozart, Telemann, Bach, Händel, Devienne, Debussy oder Satie) bis hin zu Folk und Pop und bietet eine abwechslungsreiche Mischung. Die beiliegende Klavierstimme ist leicht gesetzt, sodass sie auch von Schülern oder Eltern gut spielbar ist. Das Spielbuch ist auch unabhängig vom Schulband eine Fundgrube für jeden Instrumentalunterricht.

Schwierigkeitsgrad: 2
</marc:subfield>
   </marc:datafield>
   <marc:datafield ind1=" " ind2=" " tag="020">
      <marc:subfield code="a">9783795747640</marc:subfield>
      <marc:subfield code="9">9783795747640</marc:subfield>
   </marc:datafield>
   <marc:datafield ind1=" " ind2=" " tag="041">
      <marc:subfield code="a">ger</marc:subfield>
   </marc:datafield>
</marc:record>
